Statystyki dla Drużyny NBA

Kliknij tutaj aby rozwiązać quiz!

Ogólne statystyki

  • Ten quiz został rozwiązany 9 018 razy
  • Średni wynik to 22 z 30

Statystyki odpowiedzi

HintOdpowiedź% Poprawnych
10Los Angeles Lakers
97%
13Chicago Bulls
91%
4Boston Celtics
89%
1Golden State Warriors
88%
6Brooklyn Nets
84%
10Miami Heat
84%
8Los Angeles Clippers
82%
1Milwaukee Bucks
82%
7San Antonio Spurs
82%
2Toronto Raptors
76%
2Denver Nuggets
75%
15New York Knicks
75%
15Phoenix Suns
75%
11Washington Wizards
75%
4Houston Rockets
73%
14Dallas Mavericks
71%
5Utah Jazz
71%
14Cleveland Cavaliers
70%
3Philadelphia 76ers
70%
8Detroit Pistons
69%
6Oklahoma City Thunder
69%
7Orlando Magic
69%
11Minnesota Timberwolves
67%
9Charlotte Hornets
66%
12Memphis Grizzlies
66%
9Sacramento Kings
64%
12Atlanta Hawks
63%
13New Orlean Pelicans
60%
5Indiana Pacers
58%
3Portland Trail Blazers
58%

Rozkład punktacji

Percentyl według liczby udzielonych odpowiedzi

Procent ludzi z każdym wynikiem

Twoja historia wyników

Nie rozwiązałeś tego quizu